header

Sociology (Record no. 86097)

MARC details
000 -LEADER
fixed length control field 01005nam a2200265 a 4500
100 1# - MAIN ENTRY--AUTHOR NAME
Personal name Sharma, Priyanka.
245 10 - TITLE STATEMENT
Title Sociology
260 ## - PUBLICATION, DISTRIBUTION, ETC. (IMPRINT)
Place of publication Jaipur, India :
Name of publisher Book Enclave,
Year of publication 2007.
300 ## - PHYSICAL DESCRIPTION
Number of Pages 208 p.
650 #0 - SUBJECT ADDED ENTRY--TOPICAL TERM
Topical Term Sociology.
856 40 - ELECTRONIC LOCATION AND ACCESS
Uniform Resource Identifier http://site.ebrary.com/lib/rucke/Doc?id=10415696

No items available.

© 2026 Rongo University
Contact us: librarian | system librarian | Rongo university